Thermodynamics : (Record no. 16312)

MARC details
000 -LEADER
fixed length control field 00949nam a2200265 a 4500
005 - DATE AND TIME OF LATEST TRANSACTION
control field 20070125103529.0
008 - FIXED-LENGTH DATA ELEMENTS--GENERAL INFORMATION
fixed length control field 060623s2008 maua b 001 0 eng
010 ## - LCCN (DPL NO)
LC control number ENG-91192
020 ## - INTERNATIONAL STANDARD BOOK NUMBER
International Standard Book Number 9780070262171
Terms of availability 450.00
020 ## - INTERNATIONAL STANDARD BOOK NUMBER
International Standard Book Number 0070262179
035 ## - SYSTEM CONTROL NUMBER
System control number EN-74725
037 ## - SOURCE OF ACQUISITION
Source of stock number/acquisition DBAD / PUB
040 ## - CATALOGING SOURCE
Original cataloging agency dpl
Language of cataloging English
082 ## - DEWEY DECIMAL CLASSIFICATION NUMBER
Classification number 621.4021
100 ## - MAIN ENTRY--PERSONAL NAME
Personal name Çengel, Yunus A.
245 ## - TITLE STATEMENT
Title Thermodynamics :
Remainder of title an engineering approach SI units /
Statement of responsibility, etc by Yunus A. Çengel [and] Michael A. Boles.
250 ## - EDITION STATEMENT
Edition statement 6th ed.
260 ## - PUBLICATION, DISTRIBUTION, ETC. (IMPRINT)
Place of publication, distribution, etc New Delhi
Name of publisher, distributor, etc Tata McGraw-Hill Publishing
Date of publication, distribution, etc 2008.
300 ## - PHYSICAL DESCRIPTION
Extent xxv, 943p. :
Other physical details ill. ;
Dimensions 27 cm. (pbk)
504 ## - BIBLIOGRAPHY, ETC. NOTE
Bibliography, etc Includes index.
650 ## - SUBJECT ADDED ENTRY--TOPICAL TERM
Topical term or geographic name as entry element Thermodynamics.
700 ## - ADDED ENTRY--PERSONAL NAME
Personal name Boles, Michael A.
942 ## - ADDED ENTRY ELEMENTS (KOHA)
Source of classification or shelving scheme Dewey Decimal Classification
Item type English Books
Classification part 621.4021
Call number suffix CEN
Holdings
Withdrawn status Lost status Source of classification or shelving scheme Damaged status Not for loan Collection code Home library Current library Date acquired Cost, normal purchase price Total Checkouts Full call number Barcode Date last seen Copy number Cost, replacement price Koha item type
    Dewey Decimal Classification   Not For Loan Non-fiction D.B.Act.Division D.B.Act.Division 07/10/2008 450.00   621.4021 CEN EN-74725 07/10/2008 1 450.00 English Books

© Delhi Public Library
Hit Counter
free hit counter